| 000 | 00760nam a22002057a 4500 | ||
|---|---|---|---|
| 005 | 20100807163358.0 | ||
| 010 | _aENG-98914 | ||
| 020 |
_c90.00 _a9789380439136 |
||
| 035 | _aEN-82446 | ||
| 037 | _bDBAD/PUB | ||
| 082 | _a621.381 | ||
| 100 |
_aThirumoorthy, P. _99306 |
||
| 245 |
_aDigital and communication electronics / _cby P.Thirumoorthy |
||
| 260 |
_aErode _bKongu Nadu Literature _c2009 |
||
| 270 |
_a93, Chinnamuthu Main Street, E.K. Valasu, _bErode _e638011 |
||
| 300 | x |
_avi, 137p.: _c21cm (pbk) _bill. |
|
| 500 | _aincludes bilbiographical references | ||
| 942 |
_2ddc _cEN _h621.381 _mTHI |
||
| 999 |
_c40200 _d40200 |
||